=LDR 00000nam 2200000 4500 =001 INLIS000000000026172 =005 20130612124629 =008 ***********************************ind** =035 ##$$0010-061300000026172 =041 ##$$a ind =082 ##$$a 813.01 =090 ##$$a 813.01, Win c =100 ##$$a Winarno, Bondan =245 ##$$a Cafe Opera, Kumpulan cerita pendek, Bondan Winarno =260 ##$$a 1986 $b Jakarta =300 ##$$a xii, 97 hlm., ilus., 19 cm =650 ##$$a Cerita Pendek =850 ##$$a NBPNMAT =990 ##$$a 0001/BPAP-NTB/2015